01434nam a2200373 a 4500001001200000003000800012006001900020007001500039008004100054010001700095020003100112020002800143020002700171040002100198035002100219041001300240050002400253082001500277100002000292245008400312260003600396300002300432490006000455504005100515533015200566650003000718650002700748650003500775655002900810710001700839830006100856856012600917999001701043ebr10551919CaPaEBRm u cr cn|||||||||110523s2011 nyua sb 001 0 eng d z 2011021593 z9781433109171 (alk. paper) z1433109174 (alk. paper) z9781453908211 (e-book) aCaPaEBRcCaPaEBR a(OCoLC)7935206870 aengagot14aPD1123b.B83 2011eb04a439/.92231 aBucsko, John M.10aPreverbs and idiomatization in Gothich[electronic resource] /cJohn M. Bucsko. aNew York :bPeter Lang,cc2011. aix, 326 p. :bill.1 aBerkeley insights in linguistics and semiotics ;vv. 77 aIncludes bibliographical references and index. aElectronic reproduction.bPalo Alto, Calif. :cebrary,d2013.nAvailable via World Wide Web.nAccess may be limited to ebrary affiliated libraries. 0aGothic languagexGrammar. 0aGothic languagexVerb. 0aIndo-European languagesxVerb. 7aElectronic books.2local2 aebrary, Inc. 0aBerkeley insights in linguistics and semiotics ;vv. 77.40uhttp://site.ebrary.com/lib/rucke/Doc?id=10551919zAn electronic book accessible through the World Wide Web; click to view c92382d92382